Statistics for North American Mammals by Picture

Click here to take the quiz!

General Stats

  • This quiz has been taken 109 times
  • The average score is 11 of 12

Answer Stats

Answer% Correct
Black Bear
100%
American Bison
99%
Brown Bear
99%
Beaver
98%
Gray Wolf
98%
Moose
98%
Raccoon
98%
Nine banded Armadillo
96%
Cougar
94%
Jaguar
90%
Wolverine
72%
Bighorn Sheep
65%

Score Distribution

Percentile by Number Answered

Percent of People with Each Score

Your Score History

You have not taken this quiz